Normal view
MARC view
Entry Término temático
001 - NÚMERO DE CONTROL
- campo de control: 21475
003 - IDENTIFICADOR DEL NÚMERO DE CONTROL
- campo de control: FranzMayer
005 - FECHA Y HORA DE LA ÚLTIMA TRANSACCIÓN
- campo de control: 20190320210333.0
008 - DATOS DE LONGITUD FIJA
- campo de control de longitud fija: 190320|| aca||aabn | a|a d
040 ## - FUENTE DE LA CATALOGACIÓN
- Centro catalogador/agencia de origen: FranzMayer
- Centro/agencia transcriptor: FranzMayer
150 ## - ENCABEZAMIENTO--TÉRMINO DE MATERIA
- Término de materia o nombre geográfico como elemento de entrada: Guitarra
- : instrucción y estudio
670 ## - FUENTE DE DATOS ENCONTRADOS
- Cita de la fuente: Work cat.: (FranzMayer): Ruiz de Ribayaz, Lucas 21474, Lvz, y norte mvsical para caminar por las cifras de la guitarra española, y arpa, tañer, y cantar a compás por canto de organo y breve explicacion del arte, con preceptos faciles, indubitables, y explicados con claras reglas por teorica, y practica, 1677